[Event "FIDE-Wch k.o."]
[Site "Groningen"]
[Date "1997.12.11"]
[Round "2.1"]
[White "Bareev, Evgeny"]
[Black "Malaniuk, Vladimir P"]
[Result "1-0"]
[WhiteElo "2670"]
[BlackElo "2615"]
[Annotator "Tyomkin,D"]
[PlyCount "121"]
[EventDate "1997.12.09"]
[EventType "k.o."]
[EventRounds "7"]
[EventCountry "NED"]
[SourceTitle "CBM 063"]
[Source "ChessBase"]
[SourceDate "1998.03.26"]
[SourceVersion "1"]
[SourceVersionDate "1998.03.26"]
[SourceQuality "1"]

1. d4 f5 2. g3 Nf6 3. Bg2 g6 4. Nf3 Bg7 5. O-O O-O 6. b4 Ne4 7. c4 (7. Bb2 {
Tyomkin,D} a5 8. a3 (8. b5 $5) 8... d6 (8... axb4 $142 9. axb4 Rxa1 10. Bxa1 d5
$13) 9. Nbd2 c6 10. c4 axb4 11. axb4 Rxa1 12. Bxa1 d5 13. Qb3 Nxd2 14. Nxd2 Be6
15. c5 $14 {[%cal Gb4b5] Bosboom,M-Barua,D/Lost Boys Open, Antwerp BEL 1997/
0-1(43)}) 7... e6 $146 (7... d6 {Tyomkin,D} 8. Bb2 Nd7 (8... c5 9. b5 Nd7 (9...
a6 10. a4 axb5 11. axb5 Rxa1 12. Bxa1 Qa5 13. Bb2 $13) 10. Nc3 Nb6 11. Qc2 $5
cxd4 12. Nxe4 fxe4 13. Nxd4 e5 $5 14. Nb3 Be6 15. Bxe4 Nxc4 16. Bxb7 Rb8 17.
Bc6 $14 {Bangiev - Karpman, Lvov 1988-45/(111)}) 9. Nbd2 Nxd2 10. Qxd2 c6 (
10... e5 $5 11. dxe5 Nxe5 (11... dxe5 12. Qd5+ Kh8 13. Nxe5 c6 14. Qd6 Nxe5 15.
Bxe5 Qxd6 16. Bxd6 Re8 17. Rad1 Rxe2 18. Rfe1 $16) 12. Rac1 $14 (12. Qd5+ $6
Nf7)) 11. d5 $146 (11. a4 Nf6 $6 (11... e5 $142) 12. e3 $6 (12. d5 $142) 12...
Ne4 13. Qe2 Bd7 14. Rfc1 Qc7 15. d5 $14 {Horvath,C-Markus,R/Budapest Spring op
1996/1-0(34)}) 11... Bxb2 12. Qxb2 cxd5 13. Nd4 Nf6 14. cxd5 $14 {/= () Sadler,
M-Malaniuk,V/WchT 4th 19971/2-1/2(27)}) 8. Bb2 b6 9. Nc3 Bb7 10. Rc1 a5 11. b5
d6 12. Ne1 (12. Qc2 $5 Nxc3 13. Bxc3 Be4 14. Qd2 Nd7 15. Ng5 $140 Bxg2 16. Nxe6
$4 Qe7 17. Nxf8 Bxf1 18. Nxd7 Bh3 {[%csl Rd7]}) 12... Nxc3 13. Bxc3 Bxg2 14.
Nxg2 Nd7 15. Nf4 Qe7 16. d5 Nc5 17. dxe6 Nxe6 18. Bxg7 Kxg7 19. Nd5 Qf7 $11 20.
Rc3 Kg8 21. Re3 Rae8 22. Qa1 Ng7 23. Qc3 (23. Rxe8 Nxe8 $11 {[%cal Ge8f6]})
23... Nh5 24. Rxe8 Rxe8 25. Re1 Re6 26. e3 Nf6 27. Nxf6+ Qxf6 (27... Rxf6 $11)
28. Qxf6 Rxf6 {This ending should be drawn,but black have to play carefully.}
29. f4 {[%cal Gg1f2,Yf2e2,Ge2d3,Yd3d4,Yd4d5] The plan is clear:first to move
king to-d4(d5) and than to push e3-e4.} Kf7 $6 (29... Re6 $5 30. Kf2 Re4 31.
Rc1 Kf7 32. Ke2 h6 (32... Ke6 $6 33. Kd3 {[%csl Re4][%cal Gg3g4]}) 33. Kd3 g5
34. Rf1 Kf6 (34... g4 $2 35. Rh1 h5 36. h3) 35. g4 gxf4 36. exf4 d5 $1) 30. Kf2
Ke6 $2 (30... Re6 $1) 31. e4 {White has good chances to win after he pushed
e3-e4.I analysed this ending a couple of hours,but didn't find an exact draw
for black.} Kd7 32. Ke3 Rf7 (32... Re6 33. Kd4 {[%cal Gd4d5,Ye4e5] If black
changes rooks in this position,the forthcoming pawn ending will be easily
winning for white.Moving pawns on kingside white puts black in zugzwang and
enters the king to-c6.}) 33. Kd4 fxe4 (33... Rf8 34. e5 Ke6 (34... dxe5+ 35.
Rxe5) 35. exd6+ Kxd6 36. Re5) 34. Rxe4 h5 35. a4 Rf8 36. h3 Rf7 (36... Rh8 37.
Kd5 {[%cal Ge4e6]} (37. g4 $141 hxg4 38. hxg4 Rh1) 37... Rf8 38. g4) 37. g4
hxg4 38. hxg4 Rh7 (38... Rf8 39. Kd5 Rf6 40. f5 $1 gxf5 41. Rf4 Rg6 42. gxf5
Rf6 43. Rf1 {-and like in the game}) (38... c6 39. bxc6+ Kxc6 40. f5 gxf5 41.
Rf4 Rh7 42. gxf5 Kd7 43. f6 Ke6 44. f7 Rxf7 45. Rxf7 Kxf7 46. Kd5 Ke7 47. Kc6
Ke6 48. Kxb6 d5 49. c5 $18 (49. cxd5+ Kxd5 $11)) 39. f5 gxf5 40. gxf5 Rf7 (
40... Rh1 41. Rg4 $1 {[%cal Gg4g7]} (41. f6 Rh7 (41... Rd1+ 42. Kc3 (42. Ke3
Re1+ 43. Kf4 Rxe4+ 44. Kxe4 Ke6) 42... Rf1 43. Re7+ Kd8 44. Rf7 Rf5 45. Kd4 Rc5
46. Re7 (46. Rg7 Ke8) 46... Rf5 47. Re6 Kd7 $11) 42. Rf4 (42. Kd5 Rh5+) 42...
Ke6 $11) (41. Rf4 Rd1+ 42. Ke4 Re1+ (42... Ke7 43. Rh4 Re1+ 44. Kd5 Re5+ 45.
Kc6 Rc5+ 46. Kb7 Kf6 47. Rh7 Rxc4 48. Rxc7 Rxc7+ 49. Kxc7 d5 50. Kxb6 d4 51.
Kxa5 d3 52. b6 d2 53. b7 d1=Q 54. b8=Q Kxf5 {According theory of endings this
ending is drawn.}) 43. Kf3 Re5 (43... Ke7 $2 44. Re4+ $18) (43... Rf1+ 44. Kg4
Rg1+ 45. Kh5 Ke7 46. Rg4 $1 $18 {[%cal Gh5g6]}) 44. f6 Ke8 45. Rh4 Rf5+ 46. Ke4
Rxf6) 41... Rh7 (41... Rd1+ 42. Ke4 Re1+ 43. Kf4 Rf1+ 44. Kg5 Ke7 45. Kg6 $18)
42. Ke4 (42. Kd5 Re7) 42... Ke7 43. Rg8 {[%cal Ge4d5,Gd5c6]} Kf6 44. Kd5 Kxf5
45. Rf8+ Kg6 46. Kc6 Re7 47. Kb7 Kg5 48. Rc8 $18) 41. Rf4 Ke7 (41... Rh7 42.
Rg4 (42. Kd5 Re7) 42... Re7 (42... Rf7 43. Ke4 c6 44. bxc6+ Kxc6 45. Rg8) 43.
f6 (43. Rh4) 43... Re1 (43... Rf7 44. Rg7 Ke6 45. Rxf7 Kxf7 46. Kd5 Kxf6 47.
Kc6) 44. Rg7+ $18) 42. Kd5 Kf6 (42... Kd7 43. f6 $18) 43. Rf1 Re7 44. Kc6 Rh7
45. Rf3 Re7 46. Rf2 Rh7 47. Rf1 Rg7 48. Rf2 Rh7 49. Kb7 Rg7 50. Rf4 Re7 51. Rf3
Rh7 52. Rf2 Rg7 53. Rf3 Re7 54. Rf4 Rh7 55. Rf1 Rg7 56. Re1 Kxf5 57. Re8 Rg4
58. Kxc7 Rxc4+ 59. Kxb6 Rxa4 60. Kc6 Rb4 (60... Rc4+ 61. Kxd6 a4 62. b6 Rb4 63.
Kc6 a3 64. b7 $18) 61. b6 1-0

[Event "Scandic Hotels CC"]
[Site "Stockholm"]
[Date "2000.07.30"]
[Round "2"]
[White "Matros, Alexander"]
[Black "Berg, Emanuel"]
[Result "1-0"]
[WhiteElo "2425"]
[BlackElo "2456"]
[Annotator "Tyomkin,D"]
[PlyCount "59"]
[EventDate "2000.07.29"]
[EventType "tourn"]
[EventRounds "9"]
[EventCountry "SWE"]
[EventCategory "10"]
[SourceTitle "CBM 079"]
[Source "ChessBase"]
[SourceDate "2000.11.21"]
[SourceVersion "1"]
[SourceVersionDate "2000.11.21"]
[SourceQuality "1"]

1. d4 f5 2. g3 Nf6 3. Bg2 g6 4. Nf3 Bg7 5. O-O O-O 6. b4 d6 7. Bb2 Qe8 $6 {
This move didn't bring black the success in this variation- black lost almost
all games after 7...Qe8. Better direction in this unpleasant variation was
shown by Bareev:} (7... c6 8. c4 Na6 9. Qb3 Nc7 10. Nc3 Kh8 11. d5 e5 12. dxe6
Bxe6 {0-1 Van Wely,L-Bareev,E/Frankfurt 2000/CBM 76 ext (58)}) 8. c4 Nc6 (8...
c6 {Tyomkin,D} 9. Nbd2 $146 e5 $2 (9... Nbd7 $142 $14) 10. dxe5 Ng4 11. c5 $1
$16 {[%cal Yd2c4,Gd1b3] 1-0 Kengis,E-Heidrich,M/Forchheim 2000/CBM 75/[Tyomkin,
D] (23)}) 9. b5 Nd8 10. Nc3 (10. Qb3 {Actually it leads to the same kind of
position.} Nf7 (10... Ne4 11. Nbd2 Nxd2 12. Nxd2 e5 13. c5+ Qf7 14. cxd6 cxd6
15. Nc4 exd4 (15... Be6 16. d5 Bxd5 17. Bxd5 Qxd5 18. Rfd1 Qf7 19. Nxd6 $14)
16. Nxd6 Qxb3 17. axb3 Be6 18. Rfd1 $16 {1-0 Khenkin,I-Genocchio,D/Reggio
Emilia 2000/CBM 75 (28)}) 11. Nc3 g5 12. Nd2 Kh8 13. Nd5 Nxd5 14. cxd5 $14 {
1-0 Sadler,M-Danielsen,H/Koge 1997/EXT 98 (42)}) (10. Nbd2 Nf7 (10... e5 $142
$1) 11. d5 g5 12. e3 h6 13. Qc2 Ng4 14. Bxg7 Kxg7 15. Nd4 $16 {1-0 Leitao,
R-Martins,C/Rio de Janeiro 1998/CBM 63 ext (41)}) 10... h6 $146 {Black intends
to push g6-g5. Nd8-f7 can be played with the same idea, but I am in doubt,
where is the better place for the knight: on f7, or d8 with the perspective to
be moved to more central place, like e6.} (10... Kh8 11. Re1 a6 12. a4 axb5 13.
cxb5 c6 14. b6 Be6 15. a5 Nd5 16. e4 fxe4 17. Rxe4 Bf5 18. Re1 Nb4 19. Ne4 Qd7
{1-0 Van Wely,L-Illescas Cordoba,M/Wijk aan Zee 1997/CBM 57/[Hecht] (65)}) 11.
Qb3 g5 12. Nd5 Ne6 {It was not so bed to accept the exchange- black gets a
counterplay there:} (12... Nxd5 13. cxd5 Bd7 14. a4 a6 $132) 13. e3 Ne4 {
[%cal Rg5g4]} 14. Rad1 c6 15. Nc3 Nf6 $2 {Strange decision of black, which
leads to big troubles for black. Black is avoiding exchanges, is it "play only
for win" strategy?} (15... Nxc3 16. Bxc3 Bd7 $14) 16. c5 Kh8 {It leads to the
loss of material, but it is not simple to give a good advice for black after
his previous move.} (16... d5 17. Ne5 $16) 17. cxd6 exd6 18. bxc6 bxc6 19. Ba3
$18 {[%csl Rd6] Suddenly, black has no way to protect d6-pawn. With the next
move, black tries to get some complications:} Ba6 (19... Qe7 20. Ne5 $18) (
19... Qd7 20. Ne5 $1 dxe5 21. dxe5 $18) 20. Bxd6 Bxf1 21. Bxf8 Bxg2 22. Bxg7+
Nxg7 23. Kxg2 {White has a pawn up, but black has weak pawns all around!} Rb8
24. Qa3 Ne4 25. Nxe4 fxe4 (25... Qxe4 {[%cal Rg5g4]} 26. Qd6 {[%csl Rb8,Rh6]})
26. Ne5 Qh5 27. g4 {Black is not able to create anything.} Qe8 28. Qd6 Rb2 29.
Qxh6+ Kg8 30. Qxc6 {In the forthcoming ending, white passed d-pawn quickly
decides the game.} 1-0

[Event "Sufe Cup"]
[Site "Shanghai"]
[Date "2000.03.08"]
[Round "6"]
[White "Krasenkow, Michal"]
[Black "Zhang, Zhong"]
[Result "1-0"]
[WhiteElo "2661"]
[BlackElo "2611"]
[Annotator "Tyomkin,D"]
[PlyCount "85"]
[EventDate "2000.03.03"]
[EventType "tourn"]
[EventRounds "13"]
[EventCountry "CHN"]
[EventCategory "13"]
[SourceTitle "CBM 076"]
[Source "ChessBase"]
[SourceDate "2000.05.31"]
[SourceVersion "1"]
[SourceVersionDate "2000.05.31"]
[SourceQuality "1"]

1. d4 {Meulders} f5 2. g3 Nf6 3. Bg2 g6 4. c3 Bg7 5. Nd2 Nc6 6. b4 {The first,
who tried this move, was I.Khenkin, an expert of this variation with white.
But black's play in this game probably refutes 6.b4 line. Instead of it white
has a large choice of moves:} (6. Qb3 e6 (6... a5 7. a4 d6 8. e4 (8. d5 $5)
8... fxe4 9. Nxe4 Nxe4 10. Bxe4 e5 $11 11. dxe5 Nxe5 12. Nf3 Qe7 13. O-O c6 14.
Nxe5 {1/2-1/2 Tukmakov,V-Malaniuk,V/Pula CRO 1999 (14)}) (6... d5 7. Ndf3 e6 8.
Nh3 Ne4 9. Nf4 O-O 10. h4 Qe7 11. Nd3 b6 12. Bf4 Bb7 13. Qc2 $14 {0-1 Maiwald,
J-Hoang Thanh Trang/Budapest HUN 1999 (57)}) (6... d6 7. d5 Ne5 8. Nh3 O-O 9.
Nf3 (9. Nf4 $142 $14) 9... Nxf3+ 10. Bxf3 e5 11. dxe6 Qe7 12. Nf4 c6 {[%cal
Gg6g5]} 13. h4 Ng4 14. Bxg4 $6 {0-1 Johannessen,L-Akesson,R/Asker 1997/CBM 62/
[Tyomkin,D] (22)} (14. O-O $142)) 7. Nh3 d5 $146 (7... Qe7 8. Nf4 a5 9. a4 d5
10. Nf3 Ne4 11. h4 $14 b6 12. h5 g5 13. h6 Bxd4 14. Nxd4 Nxd4 15. cxd4 gxf4 16.
Bxf4 Ba6 17. Rc1 Bc4 18. Rxc4 dxc4 19. Qb5+ c6 $2 (19... Qd7 $142 20. Qxc4 (20.
Bxc7 Qxb5 21. axb5 a4) 20... c6) (19... Kf7 20. Bxe4 fxe4 21. Qh5+ Kf8 22. Rh4
$40) 20. Qxc6+ Kf7 21. Bxe4 $18 {Schandorff,L-Nilssen,J/Nordic Grand Prix 1997/
EXP 56/1-0(24)}) 8. Nf4 Ne7 9. O-O O-O 10. Nd3 (10. c4 $142 {white can not get
anything without this move.Then maybe Qc2 and b3.}) 10... b6 11. Nf3 Ne4 12.
Bf4 c5 $11 {1/2-1/2 Wohl,A-Zhang Zhong/Sydney AUS 1999 (48)}) (6. Nh3 O-O ({
Black got quite good play in the following line:} 6... e6 7. Nf4 Ne7 8. Qb3 O-O
9. O-O g5 10. Nd3 Ng6 11. e4 d5 12. exf5 exf5 13. Ne5 c6 14. c4 Re8 15. cxd5
Nxd5 16. Nxg6 hxg6 17. Nf3 g4 {1/2-1/2 Gustafsson,J-Tseitlin,M/Porz GER 1998 
(17)}) 7. O-O Kh8 8. Nf3 Qe8 9. d5 $14 {0-1 Hebden,M-Conquest,S/London LB 1993
(29)}) ({Serious attention deserves the principal continuation:} 6. e4 fxe4 7.
Nxe4 Nxe4 8. Bxe4 d5 9. Bg2 e5 10. dxe5 Nxe5 11. f4 Bg4 12. Ne2 Nd7 13. h3 Bf5
14. Qxd5 c6 15. Qf3 O-O $44 {1-0 Kozul,Z-Danielsen,H/Yerevan olm 1996/EXT
96ch2 (41)}) (6. Nc4 {[%cal Gd4d5]} e6 7. Nf3 (7. Bg5 $5 h6 8. Bxf6 Qxf6 9. d5)
7... d6 8. Bf4 h6 9. Qb3 g5 10. Be3 Qe7 11. O-O-O a6 12. h4 g4 13. Ne1 {
[%cal Ge1d3]} d5 14. Nd2 a5 15. Nd3 a4 16. Qc2 O-O 17. Bf4 {[%cal Gf2f3,Ge2e4]}
b6 18. f3 a3 19. b3 Ba6 20. Rhe1 Nh5 21. fxg4 fxg4 22. e4 $14 {Hebden,
M-Hodgson,J/London WFW 1990/CBM 18/0-1(45)}) 6... d5 $1 $146 (6... e6 7. b5 Ne7
8. a4 O-O 9. Ba3 d6 10. Qb3 Kh8 11. Ngf3 h6 12. e3 a6 13. O-O {and white got
better position, but nothing special. 1-0 Khenkin,I-Grabarczyk,B/Lubniewice
POL 1998 (31)} (13. O-O {Meulders} g5 14. h4 Ne4 15. hxg5 Nxd2 16. Nxd2 hxg5
17. Nc4 Qe8 18. b6 d5 19. Ne5 Bxe5 20. dxe5 c6 21. f4 $16 {1-0 Khenkin,
I-Grabarczyk,B/Lubniewice 1998/EXT 2000 (31)})) (6... e5 {Meulders} 7. b5 Ne7
8. dxe5 Ng4 9. Ngf3 Nxe5 10. Nxe5 Bxe5 11. Qb3 a6 12. b6 d5 13. Nf3 Bg7 14.
bxc7 Qxc7 15. Nd4 $14 {1/2-1/2 Schmidt,J-Heidrich,M/Germany 1999/GER-chT2 (41)}
) 7. b5 Na5 {[%csl Gc4]} 8. a4 $6 (8. Qa4 $6 c6) (8. Nh3 $142) 8... Ne4 9. Nxe4
fxe4 10. f3 (10. Nh3 e5 $15) 10... e5 $1 {Black takes the initiative after
this move.} (10... exf3 11. Nxf3 O-O 12. O-O {[%cal Ge2e4] following by e2-e4.}
) 11. Nh3 (11. fxe4 exd4 12. cxd4 (12. exd5 dxc3 13. Qc2 O-O 14. e4 Bg4 {
[%csl Re1] looks very dangerous for white.}) 12... dxe4 13. e3 O-O $36 {
[%csl Re1] White is completely undeveloped.}) 11... exd4 12. cxd4 O-O {
Meulders: 'Schwarz hat die etwas frivole weisse Eröffnungsführung geschickt
aktiv gekontert und steht gut.'} 13. O-O exf3 14. Rxf3 (14. exf3 Qf6 15. Be3
Nc4 16. Bf2 Bf5 17. Nf4 c6 $17 {[%cal Ga8e8]}) 14... Bf5 $2 {Black missed a
tactical way of getting material gain.} (14... Rxf3 15. exf3 Nb3 {[%csl Rd4]
[%mdl 64]} 16. Bg5 Qd6 (16... Qf8 17. Qxb3 Bxd4+ 18. Be3 Bxa1 19. Qxd5+ Qf7 $17
) 17. Ra2 Nxd4 18. Rd2 Bxh3 19. Bxh3 Qe5 $17) 15. Nf2 {Still black's position
is better.} Qd7 (15... c5 16. bxc6 Nxc6 17. e3 $11) (15... a6 $15) 16. e3 Nc4
17. g4 Be6 18. h3 {Intending to move the knight to d3 and then to c5 or f4.}
Rxf3 19. Qxf3 Re8 {'?' Meulders. Meulders: 'Schade, aber dies ist zu passiv.
In einigen Zügen ergrifft Weiss die Initiative.'} (19... Qd6 20. Nd3 Rf8 21.
Qe2 c6 22. bxc6 Qxc6 23. Nc5 $132 {[%cal Re2c4]}) (19... Rf8 $1 {Meulders} 20.
Qg3 c5 $1 21. bxc6 Qxc6 22. h4 (22. Nd3 g5 23. h4 (23. Nc5 Bf7 {/\...b6 -/+})
23... Bf6 24. hxg5 Bxg5 25. e4 Bxc1 26. Rxc1 dxe4 27. Nc5 Bd5 $17) 22... Qb6
23. Kh2 (23. Nd3 $4 Bxd4 $19) 23... Qa5 $17) 20. Nd3 Bf7 (20... b6 {Meulders}
21. Nf4 $14) 21. Ra2 {'!' Meulders.} c6 22. Rf2 g5 (22... Rf8 $11) 23. Nc5 Qe7
{[%tqu "En","White has some tactics.","","","c5b7","",10]} 24. Nxb7 $1 {
[%mdl 64]} Qxb7 $4 (24... cxb5 {was forcing a draw.} 25. Qxf7+ (25. Nc5 Nd6 $1)
25... Qxf7 26. Rxf7 Kxf7 27. Bxd5+ Kg6 28. axb5 (28. Bc6 Re7 29. axb5 Bxd4 $1)
28... Nxe3 29. Bc6 Re7 30. Ba3 Rxb7 (30... Re6 31. Nd8 {[%cal Gc6e8]}) 31. Bxb7
Bxd4 $11) 25. bxc6 $18 Qc7 {[%tqu "En","","","","f3f7","",10]} 26. Qxf7+ $1 {
[%mdl 64]} Qxf7 27. Rxf7 Kxf7 28. Bxd5+ Kg6 29. Bxc4 Bxd4 {'+/-!' Meulders.
Now white missed a brilliant win: Meulders: 'Noch die beste praktische Chance,
aber die Milch ist schon sauer.Materiell ist die Sache für Schwarz in Ordnung,
aber die beide weisse Laüfer und der Haupttrumpf Pc6 sichern Weiss einen
technischen Gewinn.'} 30. Kf2 (30. exd4 $1 Re1+ 31. Kf2 Rxc1 32. Bb5 a6 $1 (
32... Kf7 33. Ke2 $18 {[%cal Ge2d2]}) 33. d5 $1 (33. Bxa6 {Meulders} Rxc6 34.
Bd3+ Kg7 35. Ke3 Rh6 36. Bf1 Rf6 37. Bd3 Rh6 38. a5 Rxh3+ 39. Ke4 Rg3 40. Be2
Ra3 41. a6 Kf6 42. Kd5 Ke7 43. Kc6 $18) 33... Kf6 $1 (33... axb5 34. axb5 $18)
34. Bxa6 Ke5 35. Bb7 $1 Kd6 36. a5 Ra1 37. a6 $18 {[%cal Gf2e3,Ge3e4,Ge4f5]
Rook should stay on a- file and black king-on d6.White king moves to the
kingside and takes all black pawns.}) 30... Be5 31. Ba3 a5 (31... Kf6 32. Bc5 {
[%cal Gc4d5,Ye3e4,Yf2e2,Ye2d3]}) 32. Ke2 {[%csl Rg6] The main problem of black
is that its king can come close to c-pawn. Meulders: 'Keine Angst für
Phantome!'} Bd4 33. e4 {'!' Meulders.} Kf6 (33... Rxe4+ 34. Kd3 $18 (34. Kd3 {
Meulders} Rf4 35. Bd6 Rf6 36. c7 $1 Rxd6 37. c8=Q $18 {Schwarz hat keinen
vernünftigen Abzug.})) 34. Kd3 Be5 35. Bc5 Rb8 36. Bd4 $1 {Meulders: 'Ab jetzt
ist der Turm ganz allein um den ehrgeizigen Pc6 zu bezwingen. Wenn Schwarz
selbst tauscht, erobert der weisse K Feld d4. Falls er nicht tauscht, kann
sich der schwarze K nicht rühren, also spielt Schwarz noch nur mit dem Turm.
Wichtig in dieser ganzen Geschichte ist auch dass der weisse Laüfer das
Promotionsfeld c8 kontrolliert.'} Rc8 (36... Bxd4 {Meulders} 37. Kxd4 {[%cal
Gd4c5]}) 37. Bd5 Rb8 38. Kc3 {Meulders: 'Schwarz wird austempiert.'} h6 39. Kd3
{Zugzwang.} (39. Kc4 $4 {Meulders} Rb4+ 40. Kc5 Bxd4+ 41. Kd6 Be5+ $19) 39...
Rc8 40. Kc4 Rb8 41. Bxe5+ Kxe5 42. Kc5 Rc8 43. Bc4 1-0

[Event "EU-chT (Men) 11th"]
[Site "Pula"]
[Date "1997.05.??"]
[Round "4.2"]
[White "Speelman, Jonathan S"]
[Black "Garcia Ilundain, David"]
[Result "1-0"]
[WhiteElo "2610"]
[BlackElo "2500"]
[Annotator "Tyomkin,D"]
[PlyCount "67"]
[EventDate "1997.05.05"]
[EventType "team-swiss"]
[EventRounds "9"]
[EventCountry "CRO"]
[SourceTitle "CBM 057 Extra"]
[Source "ChessBase"]
[SourceDate "1997.05.01"]
[SourceVersion "1"]
[SourceVersionDate "1997.05.01"]
[SourceQuality "1"]
[WhiteTeam "England"]
[BlackTeam "Spain"]
[WhiteTeamCountry "ENG"]
[BlackTeamCountry "ESP"]

1. Nf3 f5 2. b3 d6 3. d4 Nf6 4. Bb2 g6 5. g3 Bg7 6. Bg2 O-O 7. O-O c6 8. Nbd2
a5 9. a3 Na6 {Usually white gets slight but longlasting and steady advantage
in this variation} 10. Rb1 $146 (10. Re1 {Tyomkin,D} Ne4 (10... Nc7 11. c4 Kh8
12. Rc1 Bd7 (12... Ne4 13. Nxe4 fxe4 14. Nd2 d5 15. cxd5 cxd5 16. f3 $14) 13.
Qc2 Qe8 14. Bc3 b5 15. e4 fxe4 16. Nxe4 $14 {[%cal Ge4d6]} Qd8 (16... Bf5 17.
Nxd6 $1) (16... Nxe4 17. Qxe4 Bf6 18. d5 $16) 17. a4 bxc4 18. bxc4 Na6 19. Qd2
$14 {Van der Werf,M-Van der Griendt,J/NLD-ch sf Enschede 1993/1-0 (31)}) 11. c4
Qb6 12. e3 Nxd2 13. Nxd2 Be6 14. Nf3 $6 (14. Qc2 $142 $14 {[%cal Ga1b1,Yb2c3,
Yb3b4]}) 14... Rae8 $6 (14... Bxc4 $5 15. bxc4 Qxb2 16. Rb1 Qxa3 17. Rxb7 Bf6 {
[%cal Ga6b4]}) 15. Rb1 Bc8 16. d5 Bxb2 17. Rxb2 Qc5 18. Ra2 e5 19. dxe6 $14 {
Ree,H-Ligterink,G/Amsterdam IBM II 1980/1/2-1/2 (31)}) (10. c4 {Tyomkin,D} Bd7
{[%cal Ga8b8,Yb7b5]} (10... Qc7 11. Qc2 Bd7 12. Rad1 Rae8 13. Rfe1 e5 14. dxe5
dxe5 15. e4 Nc5 16. Nh4 $14 fxe4 (16... f4 $6 17. b4 Ne6 18. Nhf3 {[%csl Re5]
<->d} Nd8 19. c5 {[%csl Gd6]} axb4 20. axb4 Nf7 21. Nc4 Bg4 22. Nd6 Bxf3 23.
Bxf3 Nxd6 24. Rxd6 g5 25. Red1 $16 {[%csl Yd6,Re5] <->d^^ Prakash,G-Roy
Chowdhury,S/Calcutta op 1996/1-0 (40)}) 17. Nxe4 Nfxe4 18. Bxe4 Nxe4 19. Qxe4
Bf5 20. Nxf5 (20. Qe3 Bg4 21. f3 $14) 20... gxf5 21. Qe3 $14) 11. Qc2 (11. Ne1
e5 12. dxe5 (12. c5 $5) 12... Ng4 13. Ndf3 Nxe5 14. Nxe5 dxe5 15. Nd3 e4 (15...
Re8 16. e4 $16) 16. Bxg7 Kxg7 17. Nf4 $14 {Kochyev,A-Grigorian,K/URS-ch45
Leningrad 1977/1-0 (56)}) 11... Rb8 12. Rad1 b5 13. Ne1 Qb6 14. Nd3 bxc4 15.
bxc4 c5 16. d5 Nc7 17. Rb1 Qa6 18. e4 $14 fxe4 19. Nxe4 Bf5 20. Rfe1 Nxe4 21.
Bxe4 Bxe4 22. Rxe4 Qb6 $2 (22... Rf7 $142 $14 {/+/-}) 23. f4 $2 (23. Ree1 Qb3
24. Qxb3 Rxb3 25. Bxg7 Rxb1 26. Rxb1 Kxg7 27. Rb7 $16) (23. Rxe7 $16) 23... e5
$4 (23... Qb3 $1 $132 24. Qe2 $140 Bd4+ 25. Kg2 Qxc4 26. Rc1 Rxb2 $17) 24. fxe5
Nxd5 25. Ree1 $1 (25. cxd5 c4+ 26. Nf2 c3 $13) 25... Qb3 26. Rbc1 Qxc2 27. Rxc2
Nb6 28. exd6 $18 {Ftacnik,L-Vokac,M/Trencianske Teplice 1985/1-0 (41)}) (10. e3
$5 {Tyomkin,D} h6 $6 (10... Qc7 $142 {[%cal Gc8d7,Ga8e8,Ye7e5]}) 11. Ne1 {
[%cal Ge1d3]} g5 12. Nd3 $14 Nc7 13. Qe2 a4 14. b4 Be6 15. c4 Ne4 16. Rac1 Nxd2
$6 (16... d5 $142) 17. Qxd2 d5 $2 {[%csl Rc5]} 18. Nc5 Bc8 19. Qc2 {[%csl Ra4]}
dxc4 20. Qxc4+ e6 21. Qc2 $16 {Kiss,P-Bali,J/Eger 1993/1-0 (46)}) 10... Kh8 11.
c4 Qc7 12. Qc2 Re8 (12... Bd7 $5 {[%cal Ga8e8,Ye7e5]}) 13. Bc3 e5 14. c5 (14.
dxe5 $5 dxe5 15. e4 Nc5 16. Nh4 fxe4 17. Nxe4 Ncxe4 18. Bxe4 Nxe4 19. Qxe4 b6
$13 {[%cal Gc8b7,Gc6c5]}) 14... exd4 $6 (14... e4 $142 15. cxd6 Qxd6 16. Nc4
Qe7 17. Nfe5 Nc7 $13 18. Bxa5 Nb5) 15. cxd6 Qxd6 16. Nc4 Qe7 17. Bxd4 $14 f4 {
[%cal Gc8f5]} (17... Qxe2 18. Qxe2 (18. Qc3 Qe7 19. Nb6 Rb8 20. Rfe1 Ne4 21.
Qxa5 Be6 $14) 18... Rxe2 19. Nb6 Rb8 20. Be5 $16) 18. Qb2 (18. gxf4 $2 Bf5)
18... Bf5 19. Rbd1 fxg3 20. hxg3 (20. fxg3 $5 {[%cal Gf3h4] <->f}) 20... Nc5
21. Nfe5 Nce4 $2 {[%cal Rc6c5]} (21... Nfe4 $142 $14) 22. Qc1 $16 {[%cal Gd4a1]
} c5 23. Ba1 b5 $4 (23... Qc7 $142 {[%cal Ye8e7,Ya8e8]} 24. Qf4 {[%cal Ge5g6]}
Re7 {[%cal Ga8e8]} 25. Ne3 Rae8 (25... Nh5 26. Qh4) 26. Nxf5 (26. Bxe4 $2 Bxe4
(26... Nxe4 27. Nd5 $18) 27. Nxg6+ $140 Bxg6 28. Bxf6 Qxf4 29. Bxg7+ Rxg7 30.
gxf4 Bh5+ {[%csl Re2]}) 26... gxf5 27. Nd3 $16 (27. Qxf5 $6 Rxe5 28. Bxe5 Rxe5
29. Rd8+ Qxd8 30. Qxe5 Nd2 $1 $13 {[%cal Gd2b3]})) 24. Ne3 $18 {[%csl Re4]
[%cal Ge3f5] /^a1-h8/^h1-a8} Qc7 (24... Be6 25. Qc2 (25. Qb1 $1 Qb7 $140 26.
Nxg6+ hxg6 27. Bxf6 $18) 25... a4 26. Bxe4 (26. bxa4 Rxa4) 26... Bxb3 27. Qb1 (
27. Qc1) 27... Nxe4 (27... Bxd1 28. Bxa8 Bxe2 29. Re1 Rxa8 30. Rxe2 $18) 28.
Rd7 Nd2 29. Rxe7 Nxb1 (29... Rxe7 30. Nxg6+ hxg6 31. Qxg6 $18 Nxf1 $140 32. Nf5
$1) 30. Nxg6+ hxg6 31. Rxg7 $18) 25. Nxf5 gxf5 26. Qf4 {[%csl Rf5][%cal Ge5g6]}
Qc8 $4 (26... Re7 $142 {would give black a possibility to keep on fighting} 27.
Qxf5 Rae8 28. Nd3 $18) {[%tqu "En","Find the forced win for white","","",
"e5f7","",5]} 27. Nf7+ Kg8 {[%tqu "En","","","","f7h6","",5]} 28. Nh6+ Bxh6 (
28... Kh8 29. Nxf5) 29. Qxh6 Kf7 30. Bxe4 (30. f3 $18) 30... Nxe4 31. Qxh7+ Ke6
32. Qg6+ Ke7 33. Qg7+ Ke6 34. f3 1-0